Situación actual de las relaciones fiscales internacionales españolas (Record no. 144533)

MARC details
000 -LEADER
campo de control de longitud fija 00632nam a2200169 4500
001 - NÚMERO DE CONTROL
campo de control 144533
003 - IDENTIFICADOR DE NÚMERO DE CONTROL
campo de control ES-MaACL
005 - FECHA Y HORA DE LA ÚLTIMA TRANSACCIÓN
campo de control 20230906201036.0
007 - CAMPO FIJO DE DESCRIPCIÓN FÍSICA--INFORMACIÓN GENERAL
campo de control de longitud fija t|
008 - DATOS DE LONGITUD FIJA--INFORMACIÓN GENERAL
campo de control de longitud fija 070214s1981 sp r ||||1| spa d
245 00 - MENCIÓN DEL TÍTULO
Título Situación actual de las relaciones fiscales internacionales españolas
Resto del título : = Present state of Spanish international fiscal relations.
250 ## - MENCION DE EDICION
Mención de edición Ed. bilingüe, español e inglés.
260 ## - PUBLICACIÓN, DISTRIBUCIÓN, ETC.
Lugar de publicación, distribución, etc. Madrid [etc.] :
Nombre del editor, distribuidor, etc. Revispana Coopers & Lybrand,
Fecha de publicación, distribución, etc. [1981] (
Fabricante V. Rico)
300 ## - DESCRIPCIÓN FÍSICA
Extensión 44 f. ;
Dimensiones 30 cm.
740 0# - ENTRADA AGREGADA--TÍTULO RELACIONADO/ANALÍTICO NO CONTROLADO
Título relacionado o analítico no controlado Present state of Spanish international fiscal relations.
852 ## - LOCALIZACIÓN
Ubicación ES-MaACL
Número de control de estantería 2119-F-19
Sublocalización o colección R.101951
Holdings
Estatus retirado Estado de pérdida Estado de daño No para préstamo Colección Biblioteca de origen Biblioteca actual Ubicación en estantería Fecha de adquisición Fuente de adquisición Total de préstamos Signatura topográfica completa Código de barras Visto por última vez Precio de reemplazo Tipo de ítem Koha
        Colección de folletos Biblioteca del Ateneo de Madrid Biblioteca del Ateneo de Madrid Depósito folletos 17/01/2008     2119-F-19 1150428 23/02/2023 23/02/2023 Folleto